000 00793nam a22002297a 4500
003 UA-OsUOA
001 58696
007 ta
008 20090218b un ||||| |||| 00| 0 ukr d
090 _a336.011
_bП78
942 _cBK
040 _aUA-OsUOA
_bukr
_cUA-OsUOA
_dUA-OsUOA
245 _aПроблеми руху фінансових ресурсів в умовах глобалізації
_bМатеріали Міжвідомчої науково-теоретичної конференції
300 _a87 с.
955 _a1
041 _aukr
080 _a336.011
020 _a978-966-02-4263-0
260 _aК.
_bІн-т світової економіки і міжнародних відносин НАНУ
_c2006
650 7 _a336 Фінанси
_2UDC
999 _c344732
_d344732